000 00994na a2200277 4500
001 22577
003 MIRAKIL
005 20181213155145.0
008 170217b tu 000 0
035 _a20025
040 _aMilas
_btur
_cTR-AnCHP
041 _atur
082 _aCHP 351.0092
_bÇ29k [1992]
090 _aCHP 351.0092 Ç29k [1992]
100 _aÇay, Fuat
_cHatay Milletvekili ; CHP genel Sekreter yardımcısı
245 _aKİT Kamu iktisadi teşekkülleri komisyon çalışmaları
_cFuat Çay
246 _aKamu iktisadi teşekkülleri komisyon çalışmaları
260 _a[y.y.]
_b[yayl.y.]
_c[1992]
300 _a92 s.
_btbl.
_c20 sm.
500 _aHatay Milletvekili CHP Genel Sekreter Yardımcısı Fuat Çay'ın KİT Komisyonundaki çalışmalarıdır.
600 _aÇay, Fuat
_xKomisyon raporları
650 _aMaliye
_zTürkiye
650 _aCHP milletvekilleri
_xKomisyon raporları
650 _aKamu iktisadi teşebbüsleri
_zTürkiye
942 _2dcc
_cBKS
999 _c7613
_d7613